000 00517nam a2200181Ia 4500
005 20250326124147.0
008 250326s9999 xx 000 0 und d
037 _aTextbook
040 _aFMSL
_beng
_cFMSL
041 _aeng
_2eng
084 _aX:51 L3;6
_qFMSL
100 _aWills G
_9736839
245 0 _aCreating and marketing new products
_cWills G; Hayhurt R
260 _aLondon
_bLondon, Crosby Lockwood Steples
_c1973
300 _a484p
942 _cTB
_hX:51 L3;6
999 _c1272539
_d1272539